[Event "Berlin Lichtenrade op 14th"]
[Site "Berlin"]
[Date "2018.10.30"]
[Round "4"]
[White "Landt, Stefan"]
[Black "Kornitzky, Tino"]
[Result "0-1"]
[WhiteElo "1901"]
[BlackElo "2189"]
[PlyCount "74"]
[EventDate "2018.10.27"]
[EventType "swiss"]
[EventRounds "9"]
[EventCountry "GER"]
[SourceTitle "CBM 187 Extra"]
[Source "ChessBase"]
[SourceDate "2018.11.04"]
[SourceVersion "1"]
[SourceVersionDate "2018.11.04"]
[SourceQuality "1"]

1. d4 Nf6 2. Nf3 d5 3. c4 e6 4. Nc3 Nbd7 5. e3 a6 6. Qc2 dxc4 7. Bxc4 b5 8. Bd3 c5 9. Ne4 cxd4 10. Nxd4 Bb7 11. 0-0 Rc8 12. Nxf6+ Nxf6 13. Qe2 Bc5 14. Nb3 Qd5 15. e4 Nxe4 16. Bxe4 Qxe4 17. Qxe4 Bxe4 18. Nxc5 Rxc5 19. Be3 Rc8 20. Rac1 0-0 21. Rxc8 Rxc8 22. Rc1 Rd8 23. Bb6 Rb8 24. f3 Bd5 25. a3 h6 26. Bc7 Rb7 27. h4 Bc4 28. Bd6 f6 29. f4 Kf7 30. Kf2 Rd7 31. Rd1 Bd5 32. Bc5 Kg6 33. g3 Kf5 34. Ke3 Kg4 35. Kf2 a5 36. a4 bxa4 37. Rd4 Rc7 0-1

[Event "Berlin-ch QT"]
[Site "Berlin"]
[Date "2018.04.02"]
[Round "3"]
[White "Landt, Stefan"]
[Black "Mueller, Johannes1"]
[Result "1-0"]
[WhiteElo "1897"]
[BlackElo "1776"]
[PlyCount "23"]
[EventDate "2018.03.31"]
[EventType "swiss"]
[EventRounds "9"]
[EventCountry "GER"]
[SourceTitle "EXT 2020"]
[Source "ChessBase"]
[SourceDate "2019.10.17"]
[SourceVersion "1"]
[SourceVersionDate "2019.10.17"]
[SourceQuality "1"]

1. d4 d5 2. c4 e6 3. Nc3 f5 4. Nf3 Nf6 5. Bf4 c6 6. c5 Be7 7. b4 a6 8. a4 Nbd7 9. e3 h6 10. h4 Ne4 11. Ne5 Nxc3 12. Qh5+ 1-0

[Event "Berlin Eckbauer op 19th"]
[Site "Berlin"]
[Date "2016.10.31"]
[Round "3"]
[White "Landt, Stefan"]
[Black "Lampe, Christian"]
[Result "1/2-1/2"]
[WhiteElo "1913"]
[BlackElo "1846"]
[PlyCount "130"]
[EventDate "2016.10.10"]
[EventType "swiss"]
[EventRounds "7"]
[EventCountry "GER"]
[SourceTitle "EXT 2022"]
[Source "ChessBase"]
[SourceDate "2021.10.06"]
[SourceVersion "1"]
[SourceVersionDate "2021.10.06"]
[SourceQuality "1"]

1. d4 e6 2. c4 Nf6 3. Nc3 d5 4. Nf3 Bb4 5. Qa4+ Nc6 6. e3 Bd7 7. Qc2 0-0 8. Bd3 dxc4 9. Bxc4 Na5 10. Bd3 c5 11. dxc5 Bxc5 12. Ne5 Nc6 13. Nxd7 Qxd7 14. a3 Rfd8 15. Be2 Rac8 16. 0-0 a6 17. Rd1 Qc7 18. Nd5 Rxd5 19. Rxd5 Nxd5 20. Qxc5 Na5 21. Qxc7 Rxc7 22. Bd1 Nc4 23. e4 Nf6 24. f3 Rd7 25. Bc2 Rc7 26. Bd3 Nd7 27. Be2 h6 28. Kf1 b5 29. b3 Na5 30. Bd1 Kf8 31. Bf4 e5 32. Bd2 Nb7 33. Ke2 Ke7 34. Be3 Nf8 35. b4 Ne6 36. Rc1 Rxc1 37. Bxc1 Nd4+ 38. Kd3 Nd6 39. Be3 Nc6 40. Bc5 Kd7 41. Bb3 Nd8 42. a4 Ne6 43. Be3 Nc8 44. g3 g5 45. a5 Ne7 46. Kc3 Nc6 47. Bd5 f6 48. h3 Nc7 49. Bxc6+ Kxc6 50. f4 Ne6 51. fxe5 fxe5 52. Kd3 Kd7 53. Bc1 Nd8 54. Bb2 Ke6 55. Ke3 Nf7 56. Kf3 Nd6 57. Bc1 Kf6 58. Ke3 Nc4+ 59. Kf3 Ke6 60. Be3 Na3 61. Bc5 Nc2 62. Ke2 Kf6 63. Kd2 Nd4 64. Bxd4 exd4 65. g4 Ke6 1/2-1/2

[Event "Berlin-ch QT"]
[Site "Berlin"]
[Date "2016.04.03"]
[Round "9"]
[White "Schuran, Sebastian"]
[Black "Landt, Stefan"]
[Result "0-1"]
[WhiteElo "1986"]
[BlackElo "1915"]
[PlyCount "52"]
[EventDate "2016.03.26"]
[EventType "swiss"]
[EventRounds "9"]
[EventCountry "GER"]
[SourceTitle "EXT 2022"]
[Source "ChessBase"]
[SourceDate "2021.10.06"]
[SourceVersion "1"]
[SourceVersionDate "2021.10.06"]
[SourceQuality "1"]

1. e4 c6 2. d4 d5 3. exd5 cxd5 4. c4 Nf6 5. Nc3 e6 6. a3 Be7 7. Nf3 Nc6 8. Bd3 dxc4 9. Bxc4 0-0 10. 0-0 b6 11. Ba2 Bb7 12. Re1 Rc8 13. Bg5 h6 14. Bh4 Nd5 15. Bxe7 Ncxe7 16. Qd3 Nf4 17. Qd2 Nh3+ 18. Kh1 Bxf3 19. gxf3 Nf5 20. f4 Qxd4 21. Qxd4 Nxd4 22. Kg2 Nxf4+ 23. Kg3 Nh5+ 24. Kh3 Nc2 25. Re5 Nf4+ 26. Kg3 Ng6 0-1

[Event "Berlin-ch QT"]
[Site "Berlin"]
[Date "2016.04.02"]
[Round "8"]
[White "Landt, Stefan"]
[Black "Dathe, Frederick"]
[Result "1/2-1/2"]
[WhiteElo "1915"]
[BlackElo "1772"]
[PlyCount "94"]
[EventDate "2016.03.26"]
[EventType "swiss"]
[EventRounds "9"]
[EventCountry "GER"]
[SourceTitle "EXT 2022"]
[Source "ChessBase"]
[SourceDate "2021.10.06"]
[SourceVersion "1"]
[SourceVersionDate "2021.10.06"]
[SourceQuality "1"]

1. d4 Nf6 2. c4 g6 3. Nf3 Bg7 4. g3 0-0 5. Bg2 d6 6. 0-0 Nbd7 7. Nc3 c5 8. b3 a6 9. Bb2 Rb8 10. Qd2 b5 11. dxc5 Nxc5 12. cxb5 axb5 13. Nd4 Bd7 14. Nc6 Bxc6 15. Bxc6 Qb6 16. Nd5 Nxd5 17. Bxd5 Bxb2 18. Qxb2 b4 19. Rfc1 Rfc8 20. Rc4 Nd7 21. Rac1 Rc5 22. Qd2 Rbc8 23. Rxc5 Rxc5 24. Rc4 Rxc4 25. Bxc4 Ne5 26. Bd5 Qc5 27. Be4 Ng4 28. e3 Nf6 29. Bf3 Ne8 30. Qd5 Qxd5 31. Bxd5 Nf6 32. Bf3 Nd7 33. Kf1 Kg7 34. Ke1 Nc5 35. Kd2 e5 36. Bd5 Kf6 37. Kc2 Ke7 38. a3 bxa3 39. b4 Na4 40. Bb3 Nb6 41. Kb1 d5 42. Ka2 f6 43. h4 h6 44. Kxa3 Kd6 45. Kb2 Kc6 46. Kc3 g5 47. hxg5 hxg5 1/2-1/2

[Event "Berlin-ch QT"]
[Site "Berlin"]
[Date "2016.03.29"]
[Round "4"]
[White "Landt, Stefan"]
[Black "Lange, Cecilia"]
[Result "1/2-1/2"]
[WhiteElo "1915"]
[BlackElo "1756"]
[PlyCount "47"]
[EventDate "2016.03.26"]
[EventType "swiss"]
[EventRounds "9"]
[EventCountry "GER"]
[SourceTitle "EXT 2022"]
[Source "ChessBase"]
[SourceDate "2021.10.06"]
[SourceVersion "1"]
[SourceVersionDate "2021.10.06"]
[SourceQuality "1"]

1. d4 d5 2. c4 e6 3. Nc3 Nf6 4. Nf3 Be7 5. e3 0-0 6. Bd3 b6 7. 0-0 Bb7 8. b3 dxc4 9. bxc4 c5 10. Bb2 Nc6 11. Qe2 cxd4 12. exd4 Nxd4 13. Nxd4 Qxd4 14. Ne4 Qd8 15. Rad1 Nxe4 16. Bxe4 Qb8 17. Bxh7+ Kxh7 18. Qh5+ Kg8 19. Bxg7 Kxg7 20. Qg4+ Kf6 21. Qh4+ Kg7 22. Qg4+ Kf6 23. Qh4+ Kg7 24. Qg4+ 1/2-1/2

[Event "Berlin Lichtenberger op 14th"]
[Site "Berlin"]
[Date "2015.08.16"]
[Round "2"]
[White "Landt, Stefan"]
[Black "McGowan, Daniel"]
[Result "1/2-1/2"]
[WhiteElo "1903"]
[BlackElo "2120"]
[PlyCount "71"]
[EventDate "2015.08.15"]
[EventType "swiss"]
[EventRounds "9"]
[EventCountry "GER"]
[SourceTitle "EXT 2016"]
[Source "ChessBase"]
[SourceDate "2015.10.08"]
[SourceVersion "1"]
[SourceVersionDate "2015.10.08"]
[SourceQuality "1"]

1. d4 e6 2. c4 Nf6 3. Nc3 d5 4. cxd5 exd5 5. Bg5 c6 6. e3 Be7 7. Qc2 Nbd7 8. Bd3 Nf8 9. Nf3 g6 10. 0-0 Ne6 11. Bh4 0-0 12. Rab1 Ng7 13. b4 a6 14. a4 Nf5 15. Bxf6 Bxf6 16. b5 axb5 17. axb5 Ne7 18. bxc6 bxc6 19. Na4 Bg4 20. Nd2 Qd6 21. h3 Bf5 22. Bxf5 Nxf5 23. Rfc1 Bxd4 24. exd4 Nxd4 25. Qd1 Rfe8 26. Nc3 Re6 27. Nf3 Nxf3+ 28. Qxf3 Rae8 29. g3 d4 30. Na4 d3 31. Rd1 Qd4 32. Nb2 d2 33. Nd3 c5 34. Rxd2 c4 35. Rbd1 cxd3 36. Rxd3 1/2-1/2

[Event "Berlin Eckbauer op 17th"]
[Site "Berlin"]
[Date "2014.11.17"]
[Round "6"]
[White "Toth, Ferenc2"]
[Black "Landt, Stefan"]
[Result "1-0"]
[WhiteElo "1915"]
[BlackElo "1927"]
[PlyCount "115"]
[EventDate "2014.10.06"]
[EventType "swiss"]
[EventRounds "7"]
[EventCountry "GER"]
[SourceTitle "EXT 2022"]
[Source "ChessBase"]
[SourceDate "2021.10.06"]
[SourceVersion "1"]
[SourceVersionDate "2021.10.06"]
[SourceQuality "1"]

1. e4 c6 2. d4 d5 3. Nc3 dxe4 4. Nxe4 Bf5 5. Ng3 Bg6 6. h4 h6 7. Nf3 Nd7 8. h5 Bh7 9. Bd3 Bxd3 10. Qxd3 e6 11. Bf4 Qa5+ 12. Bd2 Qc7 13. 0-0-0 0-0-0 14. Qe2 Ngf6 15. Rhe1 Bd6 16. Ne5 Rhf8 17. f4 c5 18. Nxd7 Rxd7 19. Ne4 Bxf4 20. Nxc5 Rxd4 21. Bxf4 Qxf4+ 22. Kb1 Rfd8 23. Nb3 Rxd1+ 24. Rxd1 Rxd1+ 25. Qxd1 Nd5 26. a3 Qe4 27. Qd2 Qe3 28. Qa5 Qb6 29. Qa4 Kd8 30. Qg4 Qf2 31. Qxg7 Ne3 32. Qd4+ Ke7 33. Ka2 Qe2 34. Qxa7 Nxg2 35. Qxb7+ Kf6 36. Qc7 Qxh5 37. Qd8+ Kg7 38. Qd4+ e5 39. Qe4 Qg5 40. a4 Ne3 41. a5 Qf4 42. Qxf4 exf4 43. a6 Nd5 44. a7 Nc7 45. Nd4 Kf6 46. b4 Ke5 47. b5 Na8 48. c3 Kd5 49. Kb3 Kc5 50. Ka4 Kb6 51. c4 Kc5 52. Ka5 Kxd4 53. b6 f3 54. b7 f2 55. bxa8Q f1Q 56. Qd5+ Kc3 57. Qe5+ Kd3 58. a8Q 1-0

[Event "Berlin Lichtenberger op 12th"]
[Site "Berlin"]
[Date "2013.08.24"]
[Round "8"]
[White "Landt, Stefan"]
[Black "Moeller, Dirk Halvard"]
[Result "1-0"]
[WhiteElo "1929"]
[BlackElo "1649"]
[PlyCount "49"]
[EventDate "2013.08.17"]
[EventType "swiss"]
[EventRounds "9"]
[EventCountry "GER"]
[SourceTitle "CBM 156 Extra"]
[Source "ChessBase"]
[SourceDate "2013.10.22"]
[SourceVersion "1"]
[SourceVersionDate "2013.10.22"]
[SourceQuality "1"]

1. d4 f5 2. Nf3 Nf6 3. g3 g6 4. Bg2 Bg7 5. 0-0 0-0 6. c4 d6 7. Nc3 c6 8. Re1 Qe8 9. d5 Bd7 10. e4 fxe4 11. Nxe4 Nxe4 12. Rxe4 Bf5 13. Re1 Na6 14. Nd4 Bd7 15. Bg5 Bf6 16. Bh6 Bg7 17. Qd2 Nc7 18. Bxg7 Kxg7 19. Re3 c5 20. Nf3 Rf6 21. Rae1 e5 22. dxe6 Nxe6 23. Qxd6 Qf7 24. Ne5 Nd4 25. Nxf7 1-0

[Event "Berlin Lichtenberger op 12th"]
[Site "Berlin"]
[Date "2013.08.18"]
[Round "2"]
[White "Landt, Stefan"]
[Black "Laurin, Dirk"]
[Result "1-0"]
[WhiteElo "1929"]
[BlackElo "1647"]
[PlyCount "63"]
[EventDate "2013.08.17"]
[EventType "swiss"]
[EventRounds "9"]
[EventCountry "GER"]
[SourceTitle "CBM 156 Extra"]
[Source "ChessBase"]
[SourceDate "2013.10.22"]
[SourceVersion "1"]
[SourceVersionDate "2013.10.22"]
[SourceQuality "1"]

1. d4 Nf6 2. c4 g6 3. Nc3 Bg7 4. e4 d6 5. h3 0-0 6. Bg5 c6 7. Qd2 Nbd7 8. Bd3 a6 9. a4 c5 10. d5 Ne5 11. Be2 Rb8 12. f4 Ned7 13. Nf3 Nh5 14. Bh4 Bf6 15. Bf2 Bg7 16. g4 Nhf6 17. Bh4 Qa5 18. e5 dxe5 19. fxe5 Nxg4 20. hxg4 Nxe5 21. Bg3 Nxf3+ 22. Bxf3 Ra8 23. Ra3 f5 24. d6 exd6 25. Bd5+ Kh8 26. Rxh7+ Kxh7 27. Qh2+ Bh6 28. g5 Re8+ 29. Kf2 Be6 30. Qxh6+ Kg8 31. Qxg6+ Kh8 32. Qf6+ 1-0